| 000 | 00650nam a2200229Ii 4500 | ||
|---|---|---|---|
| 003 | JO-AjNU | ||
| 008 | 230605s9999||||xx |||||||||||||| ||und|| | ||
| 017 | _a20063/493 | ||
| 020 | _a9957-02-235-0 | ||
| 040 |
_aJO-AjNU _bara _erda _cJO-AjNU |
||
| 041 | _aara | ||
| 050 | 1 | 4 | _aTP787.172.N37 2006 |
| 100 | 3 |
_aالناصري، ثامر , _eauthor _913282 |
|
| 245 | 0 | 0 | _aالوحدة والتنوع |
| 250 | _aط1 | ||
| 264 | 3 | 1 | _aعمان:دار مجدلاوي,1999 |
| 300 | _a119ص | ||
| 336 |
_atext _btxt _2rdacontent |
||
| 337 |
_aunmediated _bn _2rdamedia |
||
| 338 |
_avolume _bnc _2rdacarrier |
||
| 650 | 4 |
_aالفنون-العراق _913283 |
|
| 999 |
_aA3267 _c6835 _d6835 |
||